000 00273nam a2200121 a 4500
005 20141022142004.0
008 080915s19uu xx 00 eng d
050 _aVCD
_bA2 2003
245 _aAmerican adobo.
650 _aVCD.
650 _aAmerican adobo.
942 _cAVM
999 _c276425
_d276425